Текст томруулах:    
Scour technology (Бичлэгийн дугаар. 145470)
000 -УДИРДЛАГА
Удирдлага 00842nam a22002897a 4500
003 - ХЯНАЛТЫН ТОО ТОДОРХОЙЛОГЧ
Код MN-UlNUM
005 - БИЧИЛТ ХИЙСЭН ОГНОО
Тухайн бичилтийг бичсэн засварласан сүүлийн огноо 20251111151107.0
008 - ЕРӨНХИЙ МЭДЭЭЛЭЛ
Ерөнхий мэдээлэл 251111s2006 nyuab||| |||| 001 0 eng |
020 ## - ISBN
ISBN 0071440577
040 ## - БИЧЛЭГ ҮҮСГЭГЧ БАЙГУУЛЛАГА
Бичлэг үүсгэгч номын сангийн код МУИС-ийн номын сан
084 ## - ББК АНГИЛАЛ
Нэмэлт тусгалт Бусад
ББК ангилал 38.1
Зохиогчийн гурван тэмдэгт A 60
Мэдлэгийн ялгаа 3 - Техник
100 1# - ЗОХИОГЧ
Зохиогчийн нэр Annandale, G. W.
245 10 - ҮНДСЭН ГАРЧИГ
Номын нэр Scour technology
Бага гарчгийн мэдээ mechanics and engineering practice
Оролцогчдын тухай мэдээ George W. Annandale.
260 ## - ГАРАЛТЫН МЭДЭЭ
Хэвлэгдсэн газар New York :
Хэвлэлийн газар McGraw-Hill,
Хэвлэгдсэн он 2006.
300 ## - МАТЕРИАЛЫН ТОДОРХОЙЛОЛТ
хуудасны тоо xviii, 430 p. :
Бусад тоон мэдээлэл ill. ;
Хэмжээ 24 cm.
500 ## - Тайлбар
Дансны дугаар БС 2082
546 ## - ХЭЛНИЙ ТУХАЙ МЭДЭЭ
Хэл Англи хэл дээр,
653 ## - Түлхүүр үг
Түлхүүр үг scour (Hydraulic engineering)
653 ## - Түлхүүр үг
Түлхүүр үг hydraulic structures
653 ## - Түлхүүр үг
Түлхүүр үг design and construction.
740 ## - НОМЫН ГАРЧИГ
Гарчиг Scour Management Challenges
740 ## - НОМЫН ГАРЧИГ
Гарчиг Engineering Judgment
740 ## - НОМЫН ГАРЧИГ
Гарчиг Scour Processes
740 ## - НОМЫН ГАРЧИГ
Гарчиг Material and Fluid Properties
942 ## - ЭЛЕМЕНТИЙН ТӨРӨЛ
Зүйлийн төрөл Ном